000
00287nam a22001337a 4500
008
170309b xxu||||| |||| 00| 0 eng d
020
_a
0023453303
041
_a
eng
080
_2
3RD
_a
611
100
_a
6
101
_a
SHM
245
_a
ANIMAL PHYSIOLOGY
_c
GORDON, M.S
942
_2
udc
_c
BK
999
_c
7346
_d
7346